| 000 | 01283nam a2200205Ia 4500 | ||
|---|---|---|---|
| 003 | Ost | ||
| 005 | 20260416102359.0 | ||
| 008 | 260416s9999||||xx |||||||||||||| ||und|| | ||
| 040 | _cfsecg | ||
| 041 | _aara | ||
| 082 | _a657.45 | ||
| 100 |
_aزاوي، أمال _eمؤلف |
||
| 245 | 0 |
_a المراجعة المالية والمحاسبية : _bمحاضرات و تطبيقات / _c أمال زاوي |
|
| 260 |
_aالجزائر _bجامعة الجزائر3: كلية العلوم الإقتصادية، العلوم التجارية وعلوم التسيير _c2022 |
||
| 300 |
_a106 ورقة _bايضاحات _c30 سم |
||
| 520 | _aمفاهيم عامة حول المراجعة المالية و المحاسبية ، المراجعة المحاسبية في الجزائر ، معايير المراجعة المالية و المحاسبية ، نظام الرقابة الداخلية ، منهجية المراجعة ، مسلك المراجع في أداءالمهمة ، أدلة الاثبات ، مراجعة عناصر الميزانية . | ||
| 653 | _aمراجعة الحسابات | ||
| 710 |
_aجامعة الجزائر3: كلية العلوم الإقتصادية، العلوم التجارية وعلوم التسيير _eناشر علمي |
||
| 942 | _cHANDOUT | ||
| 999 |
_c41350 _d41350 |
||